000 00735nam a2200289Ia 4500
005 20260324122219.0
008 008 260324s9999 xx 000 0 eng d
020 _a9781003357247
037 _aEBOOK
040 _aCRL
040 _beng
040 _cCRL
041 _2eng
041 _aeng
084 _qCRL
100 _aRyszard Klempous; Johnson I. Agbinya; Mari Carmen Aguayo-Torres
_91165571
245 0 _a4G Wireless Communication Networks
245 0 _bDesign Planning and Applications
260 _bTaylor and Francis
260 _c2013
365 _a
365 _b225
856 _uhttp://www.taylorfrancis.com/books/9781003357247
942 _cEBOOK
999 _c1758133
_d1758133